Hương rừng : Truyện, ký

Shranjeno v:
Bibliografske podrobnosti
Glavni avtor: Đỗ, Anh Mỹ
Format: Knjiga
Jezik:Undetermined
Izdano: Hà Nội Văn học 2018
Teme:
Oznake: Označite
Brez oznak, prvi označite!
Thư viện lưu trữ: Trung tâm Học liệu Trường Đại học Cần Thơ
LEADER 00534nam a2200193Ia 4500
001 CTU_229811
008 210402s9999 xx 000 0 und d
082 |a 895.9223008 
082 |b M600 
100 |a Đỗ, Anh Mỹ 
245 0 |a Hương rừng : 
245 0 |b Truyện, ký 
245 0 |c Đỗ Anh Mỹ 
260 |a Hà Nội 
260 |b Văn học 
260 |c 2018 
650 |a Văn học Việt Nam,Vietnamese literature 
910 |b nthai 
980 |a Trung tâm Học liệu Trường Đại học Cần Thơ